| 000 | 00808nam a2200253Ia 4500 | ||
|---|---|---|---|
| 003 | OSt | ||
| 005 | 20221005113505.0 | ||
| 006 | a|||||r|||| 00| 0 | ||
| 007 | ta | ||
| 008 | 221004b |||||||| |||| 00| 0 pan d | ||
| 020 | _c350 | ||
| 024 | _a3883 | ||
| 037 |
_b754, 12/03/2013, Bright Book Service _cTextual |
||
| 040 |
_aCRL _cCRL _bpan |
||
| 041 |
_2pan _apan |
||
| 082 | _aQ8441:21:g, 153Q1 | ||
| 100 | _aਅਮਰੀਕ ਸਿੰਘ | ||
| 245 | 0 | _aਗੁਰਮਤਿ ਮੋਤੀ | |
| 260 |
_aਲੁਧਿਆਣਾ _bਲਾਹੌਰ ਬੁੱਕ Fਾਪ ਭਾਰਤ _c2011 |
||
| 300 |
_a536ਪੰ _ccm. |
||
| 650 | _aਧਰਮ | ||
| 942 |
_hQ8441:21:g, 153Q1 _cTEXL _2cc |
||
| 999 |
_c1028361 _d1028361 |
||